InLED Osvetlenie

Salvato in:
Dettagli Bibliografici
Autore principale: Rábarová, Monika (Autore)
Altri autori: Antony, Tibor (Relatore della tesi)
Natura: Manoscritto Libro
Lingua:slovacco
Pubblicazione: 2024
Soggetti:
Accesso online:http://is.stuba.sk/zp/portal_zp.pl?podrobnosti=162194
Tags: Aggiungi Tag
Nessun Tag, puoi essere il primo ad aggiungerne!!

MARC

LEADER 00000ntm a22000003a 4500
001 stuzp99510
003 SK-STU
005 20240615211508.0
007 ta
008 150427s2015----xo-----f-mn---000-0-slo-d
040 |a STU  |b slo 
041 0 |a slo 
100 1 |a Rábarová, Monika  |u 059190  |4 aut  |U FAD Fakulta architektúry a dizajnu  |T FAD Ústav dizajnu  |X 110427  |U A9190  |Y 400  |7 110427 
242 0 1 |a InLED Lighting  |y eng 
245 1 0 |a InLED Osvetlenie 
260 |c 2024 
650 4 |a systémové osvetlenie  |2 slo 
650 4 |a cirkadiánny rytmus  |2 slo 
650 4 |a melatonín  |2 slo 
650 4 |a modré svetlo  |2 slo 
650 4 |a svetlo  |2 slo 
650 4 |a červené svetlo  |2 slo 
650 4 |a melatonin  |2 eng 
650 4 |a lighting system  |2 eng 
650 4 |a blue light  |2 eng 
650 4 |a red light  |2 eng 
650 4 |a light  |2 eng 
650 4 |a circadian rhythm  |2 eng 
700 1 |a Antony, Tibor  |u 059190  |k Z1  |4 ths  |U FAD Fakulta architektúry a dizajnu  |T FAD Ústav dizajnu  |X 15543  |U A9190  |Y 400  |7 A000015543 
856 4 |u http://is.stuba.sk/zp/portal_zp.pl?podrobnosti=162194